000 00445nam a2200121Ia 4500
008 220620s9999||||xx |||||||||||||| ||und||
100 _aYitzhak Mastai
245 0 _aAdvances in Crystallization Processes
546 _aEnglish[eng]
650 _aPhysical Sciences||Engineering and Technology||Chemistry||Inorganic Chemistry||Solid-State Chemistry
856 _uhttps://www.intechopen.com/books/advances-in-crystallization-processes
942 _cEB
999 _c26531
_d26531